Principles of dispersal in higher plants. (Record no. 23761)

MARC details
000 -LEADER
fixed length control field 00341nam a2200133Ia 4500
082 ## - DEWEY DECIMAL CLASSIFICATION NUMBER
Classification number 581.522.6
Item number PIJ
100 ## - MAIN ENTRY--AUTHOR NAME
Personal name PIJL, L Van der
245 #0 - TITLE STATEMENT
Title Principles of dispersal in higher plants.
250 ## - EDITION STATEMENT
Edition statement Ed.2
260 ## - PUBLICATION, DISTRIBUTION, ETC. (IMPRINT)
Place of publication Berlin
Name of publisher Springer
Year of publication 1972
650 ## - SUBJECT ADDED ENTRY--TOPICAL TERM
Topical Term Plants dispersal
942 ## - ADDED ENTRY ELEMENTS (KOHA)
Koha item type Books
Holdings
Withdrawn status Lost status Damaged status Not for loan Home library Current library Date acquired Full call number Accession Number Koha item type
        RRII Library RRII Library 16/12/2021 581.522.6 PIJ 04456 Books